Preparing to teach in the lifelong learning sector : (Record no. 147369)

MARC details
000 -LEADER
fixed length control field 00773nam a2200229 a 4500
001 - CONTROL NUMBER
control field vtls003236760
003 - CONTROL NUMBER IDENTIFIER
control field MY-SjTCS
005 - DATE AND TIME OF LATEST TRANSACTION
control field 20200226115345.0
008 - FIXED-LENGTH DATA ELEMENTS--GENERAL INFORMATION
fixed length control field 120822s2012 caua b 001 0 eng
020 ## - INTERNATIONAL STANDARD BOOK NUMBER
International Standard Book Number 9780857257734 (pbk.)
039 #9 - LEVEL OF BIBLIOGRAPHIC CONTROL AND CODING DETAIL [OBSOLETE]
Level of rules in bibliographic description 201209271557
Level of effort used to assign nonsubject heading access points wilmina
-- 201208221151
-- malathy
082 04 - DEWEY DECIMAL CLASSIFICATION NUMBER
Classification number 374.11
Item number GRA 2012
100 1# - MAIN ENTRY--PERSONAL NAME
Personal name Gravells, Ann.
9 (RLIN) 64179
245 10 - TITLE STATEMENT
Title Preparing to teach in the lifelong learning sector :
Remainder of title the new award /
Statement of responsibility, etc. Ann Gravells.
250 ## - EDITION STATEMENT
Edition statement 5th ed.
260 ## - PUBLICATION, DISTRIBUTION, ETC.
Place of publication, distribution, etc. Los Angeles :
Name of publisher, distributor, etc. SAGE ;
-- Learning Matters,
Date of publication, distribution, etc. c2012.
300 ## - PHYSICAL DESCRIPTION
Extent viii, 167 p. :
Other physical details ill. ;
Dimensions 25 cm.
500 ## - GENERAL NOTE
General note "Fully linked to the QTLS Standards"
504 ## - BIBLIOGRAPHY, ETC. NOTE
Bibliography, etc. note Includes bibliographical references and index.
650 #0 - SUBJECT ADDED ENTRY--TOPICAL TERM
Topical term or geographic name entry element College teaching.
920 ## - Programme
Programme GENLS : 188071
Holdings
Withdrawn status Lost status Source of classification or shelving scheme Damaged status Not for loan Home library Current library Date acquired Cost, normal purchase price Total Checkouts Barcode Date last seen Copy number Uniform Resource Identifier Cost, replacement price Koha item type Public note
    Dewey Decimal Classification     Taylor's Library-TU Taylor's Library-TU 27/08/2012 68.87   5000135481 05/12/2019 1 Floor 4, Shelf 11 , Side 2, TierNo 3, BayNo 3 68.87 Main Collection GENLS,GENLS,02,GR